Chemical product design (Record no. 78183)

MARC details
000 -LEADER
fixed length control field 00682nam a2200169 a 4500
008 - FIXED-LENGTH DATA ELEMENTS--GENERAL INFORMATION
fixed length control field 120416s2001 ||||||||||||||||| || u
020 ## - INTERNATIONAL STANDARD BOOK NUMBER
International Standard Book Number 0521796334
050 ## - LIBRARY OF CONGRESS CALL NUMBER
Classification number TP 149 Cus
100 ## - MAIN ENTRY--PERSONAL NAME
Personal name Cussler, E. L
245 10 - TITLE STATEMENT
Title Chemical product design
260 ## - PUBLICATION, DISTRIBUTION, ETC.
Place of publication, distribution, etc. Cambridge:
Name of publisher, distributor, etc. CUP
Date of publication, distribution, etc. 2001
300 ## - PHYSICAL DESCRIPTION
Extent xvii, 229p. : ill.
350 ## -
-- 0.00
650 ## - SUBJECT ADDED ENTRY--TOPICAL TERM
Topical term or geographic name entry element CHEMICAL INDUSTRY
995 ## -
-- MAIN LIBRARY OPEN ACCESS
-- 0.00
-- 735094
-- CBU-MAIN LIBRARY (Kitwe)
-- 1
-- 17.95
-- TP 149 Cus
-- 1
-- AVAILABLE
-- 43620
-- Main Library Open Access Collection
995 ## -
-- MAIN LIBRARY OPEN ACCESS
-- 0.00
-- 735779
-- CBU-MAIN LIBRARY (Kitwe)
-- 2
-- 17.95
-- TP 149 Cus
-- 2
-- AVAILABLE
-- 48782
-- Main Library Open Access Collection
999 ## -
-- 78183
-- 78183
Holdings
Withdrawn status Lost status Source of classification or shelving scheme Damaged status Not for loan Permanent Location Current Location Shelving location Date acquired Total Checkouts Full call number Barcode Date last seen Copy number Price effective from Koha item type
          CBU-MAIN LIBRARY, KITWE. CBU-MAIN LIBRARY, KITWE.   05/03/2023   TP 149 Cus 43620 05/03/2023 1 05/03/2023 MONOGRAPH
          CBU-MAIN LIBRARY, KITWE. CBU-MAIN LIBRARY, KITWE.   05/03/2023   TP 149 Cus 48782 05/03/2023 2 05/03/2023 MONOGRAPH